| 000 | 00644nam a2200205 a 4500 | ||
|---|---|---|---|
| 020 | _a0697250032 | ||
| 040 | _cDLC | ||
| 082 | 0 | 0 | _a540 BRO 1997 A063 Or. |
| 100 | 1 | _aCaret, Robert L., | |
| 245 | 1 | 0 | _aPrinciples & applications of inorganic, organic & biological chemistry / |
| 246 | 3 | _aPrinciples and applications of inorganic, organic & biological chemistry | |
| 250 | _a2nd ed. | ||
| 260 |
_aDubuque, IA : _bWm. C. Brown Publishers, _cc1997. |
||
| 300 |
_axiv, 711 p. : _bill. (some col.) ; _c29 cm. |
||
| 500 | _aIncludes index. | ||
| 650 | 0 | _aChemistry. | |
| 700 | 1 | _aDenniston, K. J. | |
| 700 | 1 | _aTopping, Joseph J. | |
| 942 | _cEK | ||
| 999 |
_c15036 _d15036 |
||